Aggression and violence /

Bibliographic Details
Other Authors: Marsh, Peter, 1946-2014, Campbell, Anne
Format: Book
Language:English
Published: New York : St. Martin's Press, 1982.
Subjects:

MARC

Tag First Indicator Second Indicator Subfields
LEADER 00000pam a2200000 a 4500
001 in00000086803
005 20151008062755.0
008 810820s1982 nyua b 00100 eng
010 |a  81014342  
020 |a 0312014023 
035 |a (OCoLC)07774242 
035 |9 AAK0906AM 
039 0 |a 2  |b 3  |c 3  |d 3  |e 3 
040 |a DLC  |c DLC  |d TXA  |d UtOrBLW 
049 |a TXAM  |c [985678] 
050 0 0 |a HM281  |b  A34 1982 
082 0 |a 303.6/2  |2 19 
245 0 0 |a Aggression and violence /  |c edited by Peter Marsh and Anne Campbell. 
264 1 |a New York :  |b St. Martin's Press,  |c 1982. 
300 |a vi, 242 pages :  |b illustrations ;  |c 24 cm. 
336 |a text  |b txt  |2 rdacontent 
337 |a unmediated  |b n  |2 rdamedia 
338 |a volume  |b nc  |2 rdacarrier 
504 |a Includes bibliographies and indexes. 
650 0 |a Violence. 
650 0 |a Aggressiveness. 
700 1 |a Marsh, Peter,  |d 1946-2014. 
700 1 |a Campbell, Anne. 
999 |a MARS 
999 f f |s 865e4b75-b1b6-3276-95b2-22ec905091f4  |i 352993e6-d1a2-3ea3-8a78-4f85e2f143f4  |t 0 
952 f f |p ric  |a Texas A&M University  |b Rellis Campus  |c Joint Library Facility  |d Remote Storage  |t 0  |e HM281 A34 1982  |h Library of Congress classification  |i unmediated -- volume  |m A14805981575 
998 f f |a HM281 A34 1982  |t 0  |l Remote Storage